000 00482nam a22001697a 4500
008 151202b xxu||||| |||| 00| 0 eng d
020 _a0873714202
041 0 _aeng
080 _a614.7
100 1 _aKoren, Herman.
245 1 0 _aIllustrated dictionary of environmental health & occupational safety /
_cHerman Koren.
260 _aBoca Raton :
_bLewis Publishers,
_c1996.
300 _a407 f. :
_bme ill. ;
_c26 cm.
650 0 _aShëndeti
650 0 _aMjedisi
942 _2udc
_cBK
999 _c1397
_d1397